Fundamentals of aquacultural engineering

This essential volume offers the most up-to-date and comprehensive information on aquaculture engineering available, compiling basic engineering information for aquaculture facilities in a single resource. It will enable the reader to design and operate aquaculture facilities that meet the needs of...

Popoln opis

Shranjeno v:
Bibliografske podrobnosti
Glavni avtor: Lawson, Thomas B.
Format: Knjiga
Jezik:Undetermined
Izdano: New York Chapman & Hall 1995
Teme:
Oznake: Označite
Brez oznak, prvi označite!
Thư viện lưu trữ: Trung tâm Học liệu Trường Đại học Cần Thơ
LEADER 00890nam a2200193Ia 4500
001 CTU_149371
008 210402s9999 xx 000 0 und d
082 |a 639.8 
082 |b L425 
100 |a Lawson, Thomas B. 
245 0 |a Fundamentals of aquacultural engineering 
245 0 |c Thomas B. Lawson 
260 |a New York 
260 |b Chapman & Hall 
260 |c 1995 
520 |a This essential volume offers the most up-to-date and comprehensive information on aquaculture engineering available, compiling basic engineering information for aquaculture facilities in a single resource. It will enable the reader to design and operate aquaculture facilities that meet the needs of an increasing, yet competitive market for cultivated seafood products. 
650 |a Aquacultural engineering 
904 |i Trọng Hiếu 
980 |a Trung tâm Học liệu Trường Đại học Cần Thơ